All the wwe divas ever Quiz Stats

 Plays Quiz not verified by Sporcle

Challenge
Share
Tweet
Embed
Score 0/98 Timer 15:00
0 Plays Today
Hint Answer % Correct
Lita
79.4%
Brie Bella
75.9%
Natalya
75.9%
Nikki Bella
75.3%
Paige
75.3%
Aj Lee
74.7%
Trish Stratus
73.5%
Charlotte
71.8%
Michelle McCool
67.6%
Sasha Banks
67.6%
Layla
67.1%
Naomi
67.1%
Becky Lynch
66.5%
Alicia Fox
65.9%
Chyna
64.7%
Mickie James
61.8%
Kelly Kelly
61.2%
Sable
60%
Beth Phoenix
59.4%
Melina
58.8%
Victoria
58.2%
Bayley
57.6%
Eva Marie
57.6%
Maryse
57.6%
Tamina Snuka
54.7%
Maria
54.1%
Cameron
53.5%
Nia Jax
53.1%
Candice Michelle
52.9%
Lana
52.9%
Stephanie McMahon
52.9%
Kaitlyn
52.4%
Torrie Wilson
52.4%
Hint Answer % Correct
Eve Torres
51.8%
Emma
51.2%
Mae Young
51.2%
Summer Rae
51.2%
Alexa Bliss
49.4%
Ivory
49.4%
Carmella
48.8%
Jazz
48.8%
Molly Holly
47.6%
Aksana
47.1%
Jacqueline
45.9%
Ashley
45.3%
Gail Kim
45.3%
Alundra Blayze
44.8%
The Fabulous Moolah
44.7%
Rosa Mendes
43.5%
Peyton Royce
43.2%
Tori
42.4%
Billie Kay
42%
Ember Moon
42%
Liv Morgan
42%
The Kat
40.6%
Sunny
40%
Asuka
39.4%
Mandy Rose
35.8%
Kharma
35.3%
Jillian Hall
34.7%
Vickie Guerrero
32.9%
Dana Brooke
32.4%
Debra
32.4%
Cherry
31.8%
Terri Runnels
30%
Christy Hemme
29.4%
Hint Answer % Correct
Dawn Marie
28.8%
Luna Vachon
28.8%
Wendi Richter
28.7%
Stacy Kiebler
27.1%
Nikki Cross
25.9%
Bull Nakano
25.9%
Sensational Sherri
25.9%
Miss Elizabeth
25.3%
Bertha Faye
24.7%
Renee Young
24.7%
Maxine
24.1%
Tiffany
22.9%
Lilian Garcia
21.2%
Nidia
20%
Aliyah
19.8%
Ariel
18.2%
Amy Weber
17.1%
Joy Giovanni
16.5%
Jackie Gayda
15.9%
Sharmell
15.5%
Velvet Mcintyre
15.2%
Francine
14.1%
Rockin Robin
13.3%
Daria Berenato
12.3%
Katie Lea Burchill
11.8%
Ryan Shamrock
11.2%
Linda Mcmahon
10%
Judy Martin
9.1%
Kristal Marshall
8.2%
Lelani Kai
7.4%
Devin Taylor
6.5%
Nichole Bass
3.5%

You're not logged in!

Compare scores with friends on all Sporcle quizzes.
OR
Log In

You Might Also Like...

Show Comments

Extras

Created Apr 23, 2016ReportNominate
Tags:WWE Quiz, diva, RAW Divas

Top Quizzes Today


Score Distribution

Your Account Isn't Verified!

In order to create a playlist on Sporcle, you need to verify the email address you used during registration. Go to your Sporcle Settings to finish the process.

Report this User

Report this user for behavior that violates our Community Guidelines.

Details: